CONSTITUTIONAL LAW OF INDIA (Record no. 1688515)
[ view plain ]
| 000 -LEADER | |
|---|---|
| fixed length control field | 00379nam a22001697a 4500 |
| 003 - CONTROL NUMBER IDENTIFIER | |
| control field | OSt |
| 005 - DATE AND TIME OF LATEST TRANSACTION | |
| control field | 20260306142525.0 |
| 008 - FIXED-LENGTH DATA ELEMENTS--GENERAL INFORMATION | |
| fixed length control field | 260306b |||||||| |||| 00| 0 eng d |
| 040 ## - CATALOGING SOURCE | |
| Transcribing agency | FLL |
| 041 ## - LANGUAGE CODE | |
| Language code of text/sound track or separate title | ENG |
| Language code of sung or spoken text | ENG |
| 100 ## - MAIN ENTRY--PERSONAL NAME | |
| Personal name | PANDEY, J.N |
| 245 ## - TITLE STATEMENT | |
| Title | CONSTITUTIONAL LAW OF INDIA |
| 250 ## - EDITION STATEMENT | |
| Edition statement | 62nd |
| 260 ## - PUBLICATION, DISTRIBUTION, ETC. | |
| Place of publication, distribution, etc. | PRAYAGRAJ |
| Name of publisher, distributor, etc. | CLA |
| Date of publication, distribution, etc. | 2025 |
| 300 ## - PHYSICAL DESCRIPTION | |
| Extent | 957 |
| 942 ## - ADDED ENTRY ELEMENTS (KOHA) | |
| Source of classification or shelving scheme | Colon Classification (CC) |
| Koha item type | Textbook |
| Suppress in OPAC | No |
| Withdrawn status | Lost status | Source of classification or shelving scheme | Damaged status | Not for loan | Home library | Current library | Date acquired | Source of acquisition | Cost, normal purchase price | Inventory number | Total Checkouts | Full call number | Barcode | Date last seen | Price effective from | Koha item type | Date due | Date last checked out |
|---|---|---|---|---|---|---|---|---|---|---|---|---|---|---|---|---|---|---|
| Colon Classification (CC) | Law Centre-I Library | Law Centre-I Library | 2026-01-19 | SHIVAM | 880.00 | 123/19/1/2026 | V2:2:(Z) R5 | LO1646312 | 2026-03-06 | 2026-03-06 | Textbook | |||||||
| Colon Classification (CC) | Law Centre-I Library | Law Centre-I Library | 2026-01-19 | SHIVAM | 880.00 | 123/19/1/2026 | V2:2:(Z) R5 | LO1646313 | 2026-03-06 | 2026-03-06 | Textbook | |||||||
| Colon Classification (CC) | Law Centre-I Library | Law Centre-I Library | 2026-01-19 | SHIVAM | 880.00 | 123/19/1/2026 | V2:2:(Z) R5 | LO1646314 | 2026-03-06 | 2026-03-06 | Textbook | |||||||
| Colon Classification (CC) | Law Centre-I Library | Law Centre-I Library | 2026-01-19 | SHIVAM | 880.00 | 123/19/1/2026 | V2:2:(Z) R5 | LO1646315 | 2026-03-06 | 2026-03-06 | Textbook | |||||||
| Colon Classification (CC) | Law Centre-I Library | Law Centre-I Library | 2026-01-19 | SHIVAM | 880.00 | 123/19/1/2026 | 2 | V2:2:(Z) R5 | LO1646316 | 2026-04-09 | 2026-03-06 | Textbook | 2026-04-19 | 2026-04-09 | ||||
| Colon Classification (CC) | Law Centre-I Library | Law Centre-I Library | 2026-01-19 | SHIVAM | 880.00 | 123/19/1/2026 | V2:2:(Z) R5 | LO1646317 | 2026-03-06 | 2026-03-06 | Textbook | |||||||
| Colon Classification (CC) | Law Centre-I Library | Law Centre-I Library | 2026-01-19 | SHIVAM | 880.00 | 123/19/1/2026 | V2:2:(Z) R5 | LO1646318 | 2026-03-06 | 2026-03-06 | Textbook | |||||||
| Colon Classification (CC) | Law Centre-I Library | Law Centre-I Library | 2026-01-19 | SHIVAM | 880.00 | 123/19/1/2026 | 1 | V2:2:(Z) R5 | LO1646319 | 2026-03-25 | 2026-03-06 | Textbook | 2026-04-04 | 2026-03-25 |
